| 000 | 00764cab a2200229 4500 | ||
|---|---|---|---|
| 001 | WB3323-22 | ||
| 008 | 090401t1997 xxu||||| |||| 00| 0 eng d | ||
| 035 | _a(Sirsi) u78929 | ||
| 041 | _aeng | ||
| 245 | _aIn search of the US grail | ||
| 260 | _c1997 | ||
| 350 | _a0 | ||
| 490 |
_aFinancial Times _v13 June 1997, 20(1) |
||
| 520 | _aProperty needs to become a `liquid, tax-transparent vehicle`, with an equivalent to the US Real Estate Investment Trusts, in order to entice investors back to the market, according to current asset managers | ||
| 650 | _aINSTITUTIONAL INVESTMENT | ||
| 650 | _aLIQUIDITY | ||
| 650 | _aPROPERTY INVESTORS | ||
| 650 | _aREITS | ||
| 690 | _aPROPERTY-PROPERTY FINANCE AND INVESTMENT | ||
| 942 | _n0 | ||
| 948 | _c13/06/1997 | ||
| 999 |
_c49607 _d49607 |
||